000 00800nam a22002177a 4500
999 _c16363
_d16363
003 AR-CdUCM
008 190503b ||||| |||| 00| 0 spa d
040 _aMUNICIPALIDAD PROVINCIAL DEL CUSCO
_cBIBLIOTECA MUNICIPAL DEL CUSCO
082 _a985.004 /
_bM88
100 _aMujica Gallo, Manuel
_99858
245 _aRaiz y destino del Perú /
260 _aLima :
_bPopulibros,
300 _a117 páginas ;
_c18 cm.
440 _aPopulibros peruanos
_917881
505 _aEl estilo peruano -- sistema Soviético antítesis del sistema incaico -- el resentimiento rompe la armonia social -- Atahualpa frente al renacimiento -- Atavismo espiritual del peruano.
650 _aPerú.
_935
650 _aDesarrollo.
_92021
650 _aRealidad nacional.
_92737
942 _2ddc
_cLIBROS
945 _awfj